Quizzes
Events
Quiz Creation
Community
Videos
Private Events
Remove Ads
Sign In
Join for FREE
Feedback
Dark Mode
Quiz Categories
Sports
Geography
Music
Movies
Television
Just For Fun
Miscellaneous
History
Literature
Language
Science
Gaming
Entertainment
Religion
Holiday
For Kids
Quiz Lab
Recent
Popular Today
Quiz Kudos Today
Editor Picks
Curator Picks
Quizzes by...
Day
Popularity
Type
Ratings
Length
Year
Community
Subscriptions
Recent Discussions
Orange Saloon
Badges
Playlists
Quests
Create
Leaderboards
Showdown
Live 5
Trivia Bingo
Activity
Puzzle Library
Sporcle Events
Private Events
Virtual Trivia
Globe League
Become a Host
Pub Owners
SporcleCon
Opinionation
Our Games
Videos
Blog
Mobile Apps
Partnerships
Remove Ads and Go Orange
Feedback
Sports
Athletes
MLB
NBA
NHL
NFL
Soccer
Sports Teams
WWE
NCAA
Football
Premier League
Basketball
Baseball
Hockey
Golf
Tennis
Cricket
Rugby
Auto Racing
Olympics
World Cup
Sports
Athletes
MLB
NBA
NHL
NFL
Soccer
Sports Teams
WWE
NCAA
Football
Premier League
Basketball
Baseball
Hockey
Golf
Tennis
Cricket
Rugby
Auto Racing
Olympics
World Cup
Random Quiz
Search Sporcle
×
Quiz Lab
Quiz Lab
Sports
MMA
Type in answers that appear in a list
Type in answers that appear in a list
Classic
Best Score? Go Orange.
Boxing's Top 10 Grossing Fights Stats
Can you name the Boxing's Top 10 Grossing Fights?
By
TheSportsman
10m
20 Questions
382 Plays
382 Plays
382 Plays
Comments
Comments
Give Quiz Kudos
Give Quiz Kudos
-
- Ratings
hide this ad
Replay
Link that replays current quiz
Next Quiz
Link to next quiz in quiz playlist
You Got
0%
They Got
Avg Score
78%
Avg Friend Score
Upgrade to see
Score Distribution
Jump to the score distribution portion of the page
Score
0/20
Timer
10:00
0
Plays Today
$ Grossed
Answer
% Correct
$94 Million (2012)
Floyd Mayweather
98.4%
$136 Million (2007)
Floyd Mayweather
98.4%
$150 Million (2013)
Floyd Mayweather
98.4%
$400 Million (2015)
Floyd Mayweather
98.4%
$495 Million* (2017)
Floyd Mayweather
98.4%
Mike Tyson
93.5%
$96 Million (1995)
Mike Tyson
93.5%
Mike Tyson
93.5%
Mike Tyson
93.5%
*Projected
Conor McGregor
84%
$ Grossed
Answer
% Correct
$77.9 Million (1996)
Evander Holyfield
81.7%
$80 Million (1991)
Evander Holyfield
81.7%
$100 Million (1997)
Evander Holyfield
81.7%
$112 Million (2002)
Lennox Lewis
79.3%
Manny Pacquiao
78.3%
Saul Alvarez
56.8%
Oscar De La Hoya
46.6%
George Foreman
46.1%
Miguel Cotto
43.2%
Peter McNeeley
19.1%
Quiz Playlist
Details
Report
Send in Message
Add To Playlist
Classic:
Type in answers that appear in a list
Last Updated: Aug 22, 2017
Quiz Scoreboard
CHALLENGE
Sign Up to Join the Scoreboard
Show All
Scores
Hide
Comments
May contain spoilers
Recently Published
9x9 Crossword: Cartoon Network
by jackfrog10
Miscellaneous
3m
College Basketball Coaching Resumes
by pancakes188
Sports
9m
Billboard Blitz: Fleetwood Mac
by CooCooCachoo
Music
15s
More to Explore
Quiz From the Vault
Featured Blog Post
Where Did the Easter Bunny Come From?
hide this ad
You Might Also Like...
Tags
Boxing
Fighting
Highest Grossing
MMA
Today's Top Quizzes in Sports
Browse Sports
hide this ad
Today's Top Quizzes in MMA
Browse MMA
Top Contributed Quizzes in Sports
1
2022 World Cup Stars
2
Les meilleurs buteurs des matchs entre le PSG et l’OM
3
FIFA Club World Cup Champions
4
Les entraîneurs de l'OM et du PSG au 21e siècle
5
Criteria MLB: Left Handed Sluggers
6
AFC Teams Reveal (Wrong Answers Minefield)
7
2023 MLB Unique Player Accomplishments
8
Players with Multiple 50 Home Run Seasons
9
5-to-1: FBS Animal Nicknames
10
5-to-1: UK Sports Teams
Explore More
Trending Topics
Harry Potter
Kpop
Crossword
NBA
Marvel
Anime
Disney
Puzzle
NFL
Song
Country
The Office
WWE
Pokémon
Soccer
hide this ad
More By:
TheSportsman
Quiz
Plays
Rating
Category
Featured
Created
Manchester United v Liverpool Scorers
5,563
3.80
Sports
Mar 8, 2018
Premier League Players In The 2019 Copa America
3,658
5.00
Sports
Jun 11, 2019
Rugby League World Cup 2017 Teams
2,007
5.00
Sports
Oct 9, 2017
World Athletics Championships 100m Winners
1,307
5.00
Sports
Jul 25, 2017
Ruby Walsh Cheltenham Festival Winners
845
Sports
Jun 12, 2019
Go to Creator's Profile
Score Distribution
Quiz Creator Spotlight
TheSportsman
Follow
Send a Message
Quizzes Created
-
Created Quiz Play Count
-
More By This Creator
Popular Quizzes Today
1
Find the US States - No Outlines Minefield
2
Find the Countries of Europe - No Outlines Minefield
3
The Countries of the World
4
Find the US States
5
Risky Map Clicking: Biggest States A-Z
6
US States
7
Popular People in 1961
8
Movies - When Are They Set?
More Sports Quizzes
International Football XIs: Brazil
Published
Trending Quizzes
Risky Map Clicking: Least Populous States A-Z
1-10 Letter G Words
1-10 Letter F Words
Risky Map Clicking: Next State Alphabetically
Adjectives in 80s TV Shows
Recently Updated
Leaping Animals
pecheneg
Reality TV Shows (A-Z)
bhenderson79
Rickey Henderson's Hall of Fame Teammates
pecheneg
Champions League XIs: Arsenal
pecheneg
Quick Pick: Celebrities in WWE's Hall of Fame
aduchscher
A-Z Keypad Blitz II
pecheneg
Multiple Oscar Actors
pecheneg
Mystery Phrase Blitz: Oscar 'Best Actors'
pecheneg
F. Scott Fitzgerald Novels
LTH
Pick 3 Villains
ddd62291
Trending Topics
Crossword
Kpop
NBA
Marvel
Anime
Disney
Harry Potter
NFL
Song
Pokémon
Puzzle
Country
Soccer
WWE
The Office
Your Account Isn't Verified!
In order to create a playlist on Sporcle, you need to verify the email address you used during registration. Go to your
Sporcle Settings
to finish the process.
Report this User
Report this user for behavior that violates our
Community Guidelines
.
Details:
Send Report
Go to the Sporcle.com Mobile Site →
Comments